000 00325nam a2200133Ia 4500
008 190216s9999||||xx |||||||||||||| ||und||
100 _aArthur J Eames
245 0 _aMorphology Of The Angiosperms
250 _a1st Ed.
260 _bTata Mcgraw Hill Publishing Company Ltd
300 _a518
650 _aBotany
942 _cBK
999 _c1184
_d1184